Normal view
MARC view
- Cuidado del niño
Entry Materia
001 - NÚMERO DE CONTROL DEL REGISTRO
- campo de control: 6392
003 - IDENTIFICADOR DE NUMERO DE CONTROL
- campo de control: MX-MxUPN
005 - FECHA Y HORA DE LA ÚLTIMA TRANSACCIÓN
- campo de control: 20250703091607.0
008 - DATOS DE LONGITUD FIJA
- campo de control de longitud fija: 250703n| acnnnbabn | ana |d
035 ## - NÚMERO DE CONTROL DEL SISTEMA
- Número de control del sistema: UPN10000006394
040 ## - FUENTE DE LA CATALOGACIÓN
- Centro catalogador de origen: MX-MxUPN
- Lengua de catalogación: spa
- Agencia de transcripción: MX-MxUPN
053 #4 - NÚMERO CLASIFICADOR - BIBLIOTECA DEL CONGRESO (LC)
- Elemento numérico de la clasificación - Número único o no. inicial del rango: HQ778.5
- Elemento numérico de la clasificación - Número único o no. final del rango: HQ778.7
150 ## - ENCABEZAMIENTO - TEMÁTICO
- Término de materia o nombre geográfico como elemento inicial: Cuidado del niño
450 ## - VÉASE - MATERIA
- Encabezamiento temático: Niños -
- Subdivisión temática general: Cuidado
450 ## - VÉASE - MATERIA
- Encabezamiento temático: Puericultura
550 ## - VÉASE ADEMÁS - MATERIA
- Encabezamiento temático o nombre geográfico como elemento de entrada: NIÑOS -
- Subdivisión temática general: SALUD E HIGIENE
670 ## - FUENTE EN LA QUE SE LOCALIZARON DATOS
- Cita de la fuente: LC/P
- Información localizada: Child care
902 ## - CATALOGADOR
- Catalogador: MMA/220914
